000 00710nam a2200229 a 4500
001 BRCA_4487
005 20190320204705.0
008 210910s1941----mx-#######---#000-0#spa-#
041 _aspa
044 _amx
050 4 _aHG61
_b.A68 1 1941
245 1 0 _aAnuario Financiero de México
_bPrimer volumen 1941
_ceditado por la Asociación de Banqueros de México.
260 _aMéxico
_bCultura
_c1941
300 _axv, 642 p.
_c24 cm.
500 _aVer también H25 (4 v. 1943, 1944, 1946 y 1947)
500 _aInicio de la publicación 1940
500 _aCFG42
650 1 4 _aFinanzas
_vAnuarios
_zMéxico
_911370
710 2 _aAsociación de Banqueros de México
_911371
902 _aGFM
942 _2lcc
_cB
999 _c4193
_d4193